000 00677nam a2200277Ia 4500
005 20260324122447.0
008 008 260324s9999 xx 000 0 eng d
020 _a9780203081365
037 _aEBOOK
040 _aCRL
040 _beng
040 _cCRL
041 _2eng
041 _aeng
084 _qCRL
100 _aFarzad Sharifian; Maryam Jamarani
_91166530
245 0 _aLanguage and Intercultural Communication in the New Era
260 _bTaylor and Francis
260 _c2013
365 _a
365 _b265
856 _uhttp://www.taylorfrancis.com/books/9780203081365
942 _cEBOOK
999 _c1759294
_d1759294